Statistics for Famous People Born in Iowa

Click here to take the quiz!

General Stats

  • This quiz has been taken 117 times
  • The average score is 3 of 7

Answer Stats

DescriptionFamous PersonBirth City% Correct
31st presidentHerbert HooverWest Branch
79%
Host of The Tonight Show 1962-1992Johnny CarsonCorning
74%
Voice of Arby's mitten, ex of Roseanne BarrTom ArnoldOttumwa
60%
Actor known as Elliott in Open SeasonAshton KutcherCedar Rapids
55%
Actor known as Mumble in Happy FeetElijah WoodCedar Rapids
38%
Late actress as Edna in The SimpsonsMarcia WallaceCreston
21%
Actress of The Croods and Beavis and Butthead Do AmericaCloris LeachmanDes Moines
17%

Score Distribution

Percentile by Number Answered

Percent of People with Each Score

Your Score History

You have not taken this quiz